|
|
|
|
| LEADER |
00000naa a2200000uu 4500 |
| 001 |
vtls011088205 |
| 003 |
SK-MaSNL |
| 005 |
20260302105714.0 |
| 008 |
210909|1997 xo |||||||||||||||||slo| |
| 015 |
|
|
|a SNBRA
|
| 035 |
|
|
|a (urnnbn)urn:nbn:sk:snk:ar-a0co70
|
| 035 |
|
|
|a (uuid)4b15ad29-9cac-461f-a2a6-7c92ab4d1d1b
|
| 035 |
|
|
|a urn:nbn:sk:snk-aavu0e
|
| 040 |
|
|
|a SNKBUCL
|b slo
|c SNKBUCL
|e AACR2
|
| 041 |
0 |
|
|a slo
|
| 044 |
|
|
|a xo
|c SK
|
| 100 |
1 |
|
|a Trebuňa, František,
|d 1947-
|4 aut
|9 103471
|
| 245 |
1 |
0 |
|a ROZŠÍRENIE MOŽNOSTI MERANIA A VYHODNOTENIA NAPÄTOSTI PROGRAMOVÝM SYSTÉMOM PHOTOS
|c F. TREBUŇA, J. JADLOVSKÝ, O. OSTERTAG
|
| 700 |
1 |
|
|a Jadlovský, J.
|4 aut
|9 784767
|
| 700 |
1 |
|
|a Ostertag, O.
|4 aut
|9 784768
|
| 773 |
0 |
|
|t Nové trendy v strojárstve na prahu tretieho tisícročia
|d Košice : Štroffek, 1997
|g S. 9-12
|z 8096763687
|
| 958 |
|
|
|a OND
|
| 958 |
|
|
|a article12
|
| 958 |
|
|
|a chapter
|
| 999 |
|
|
|c 1239913
|d 1241843
|